Beyond the Upanishads/ (Record no. 187645)

MARC details
000 -LEADER
fixed length control field 00588nam a22001817a 4500
005 - DATE AND TIME OF LATEST TRANSACTION
control field 20220427102557.0
010 ## - LCCN (DPL NO)
LC control number ENG-132412
020 ## - INTERNATIONAL STANDARD BOOK NUMBER
International Standard Book Number 9788191047325
Terms of availability 200.00
035 ## - SYSTEM CONTROL NUMBER
System control number EN-115944
037 ## - SOURCE OF ACQUISITION
Source of stock number/acquisition DBAD/PUB
082 ## - DEWEY DECIMAL CLASSIFICATION NUMBER
Classification number 181.499
100 ## - MAIN ENTRY--PERSONAL NAME
Personal name Sai, Vasantha
245 ## - TITLE STATEMENT
Title Beyond the Upanishads/
Statement of responsibility, etc Vasantha Sai
260 ## - PUBLICATION, DISTRIBUTION, ETC. (IMPRINT)
Place of publication, distribution, etc Madurai
Name of publisher, distributor, etc Vasanthasni Books and Publications Trust
Date of publication, distribution, etc 2006
270 ## - ADDRESS
Address Royapalayam Village Road, Madurai-Virudhunagar Road
City Madurai
Postal code 625706
Electronic mail address mukthinilayam@rediffmail.com
300 ## - PHYSICAL DESCRIPTION
Extent 266p.
Dimensions 22cm(pbk)
942 ## - ADDED ENTRY ELEMENTS (KOHA)
Source of classification or shelving scheme Dewey Decimal Classification
Item type English Books
Classification part 181.499
Call number suffix SAI
Holdings
Withdrawn status Lost status Not for loan Collection code Home library Current library Date acquired Source of acquisition Cost, normal purchase price Full call number Barcode Copy number Cost, replacement price Koha item type
      Non-fiction Bawana Bawana 27/04/2022 DBAD/PUB 200.00 181.499 SAI EN-115944 1 200.00 English Books

© Delhi Public Library
Hit Counter
free hit counter